000 01109nam a22003017a 4500
001 10139
003 FISKH
005 20260424084030.0
008 260424b cb ||||| |||| 00| 0 eng d
020 _a9780462004822
040 _aFISKH
_beng
_cFISKH
_dFISKH
050 _aPZ7
082 _a372.6
100 _aLing, Judy
_eAuthor
245 _aMay I help? /
_cWritten by Judy Ling ; illustrated by Betty Greenhatch
260 _aSingapore :
_bMarshall Cavendish International ,
_c2008
300 _a16 pages :
_bcolor illustrations ;
_c19 cm
490 _aMy pals are here! Reading stars :
_v6a
505 _aG
520 _aA character offers to help others in different situations. They ask, “May I help?” and take part in simple tasks. The story shows kindness, cooperation, and helping behavior, ending with a positive feeling of working together.
521 8 _a350
_bLexile estimate
521 8 _aG
_bRaz-Plus
650 _aHelping others
_vKindness
650 _aCooperation
_vDaily life
700 _aGreenhatch, Betty
_eIllustrator
942 _2ddc
_cBK
_n0
999 _c10139
_d10139